César

Guardat en:
Dades bibliogràfiques
Autor principal: Pagnol, Marcel
Format: Llibre
Idioma:Undetermined
Publicat: París, Francia Fasquelle 1946
Matèries:
Etiquetes: Afegir etiqueta
Sense etiquetes, Sigues el primer a etiquetar aquest registre!

MARC

LEADER 00000nam a2200000Ia 4500
008 170316s9999 xx 000 0 und d
040 |a cru BVZT 
090 |a 840 P-3c 
100 |a Pagnol, Marcel 
245 |a César 
260 |a París, Francia 
260 |b Fasquelle 
260 |c 1946 
300 |a 244 páginas 
650 |a LITERATURA FRANCESA 
999 |c 7900  |d 7900 
942 |c 15 D  |h 840 P-3c  |2 z